La vera storia di Tadzio : l'icona bionda di Morte a Venezia /
I tiakina i:
| Kaituhi matua: | |
|---|---|
| Ētahi atu kaituhi: | |
| Hōputu: | Pukapuka |
| Reo: | Itāriana |
| I whakaputaina: |
Roma :
Arcana,
2002
|
| Rangatū: | Arcanapop
|
| Ngā Tūtohu: |
Kāore He Tūtohu, Me noho koe te mea tuatahi ki te tūtohu i tēnei pūkete!
|
MARC
| LEADER | 00000nam a22000007i 4500 | ||
|---|---|---|---|
| 001 | IT\ICCU\UBO\2094568 | ||
| 003 | ItRI | ||
| 005 | 20260226155536.0 | ||
| 008 | 030128s2002 it |||||| ||||| |||||c | ||
| 020 | |a 8879662724 | ||
| 040 | |b ita |c ARCIGAY RIMINI | ||
| 041 | 7 | |a ita |2 ISO-639-2 | |
| 082 | |a 833.912 |2 20 | ||
| 100 | 1 | |a Adair, Gilbert |0 IT\ICCU\VEAV\013115 |4 aut | |
| 240 | 1 | 4 | |a The real Tadzio. |9 Adair, Gilbert |
| 245 | 1 | 3 | |a La vera storia di Tadzio : |b l'icona bionda di Morte a Venezia / |c Gilbert Adair ; traduzione di Stefania Cherchi. |
| 260 | |a Roma : |b Arcana, |c 2002 | ||
| 300 | |a 117 p. : |b ill., ritr. ; |c 17 cm. | ||
| 700 | 1 | |a Cherchi, Stefania |0 IT\ICCU\LO1V\168139 | |
| 830 | 0 | |a Arcanapop |0 IT\ICCU\LO1\0553271 | |
| 942 | |2 ddc |c BK | ||
| 952 | |0 0 |1 0 |2 ddc |4 0 |6 833_912000000000000_ADA_VER |7 1 |9 2433 |a RN |b RN |d 2024-12-27 |l 0 |o 833.912 ADA VER |p 9886 |r 2024-12-27 13:19:06 |w 2024-12-27 |y BK | ||
| 952 | |0 0 |1 0 |4 0 |6 DOC_833_912000000000000_ADA |7 0 |9 17112 |a BO |b BO |d 2026-01-15 |i 7377 |l 0 |o DOC 833.912 ADA |p BO7377 |r 2026-01-15 23:19:32 |w 2026-01-15 |x [Sebina 5] [1 v.] |y BK |z 1 v. | ||
| 999 | |c 2123 |d 2123 | ||